000 01821nam0a2200349 4500
001 RU\NLR\bibl\139073
005 20260407103420.0
010 _a5-89665-039-6
_9300
021 _aRU
_b98-43851
_92107
035 _a(NLR Aleph) 000136228
090 _a778874
_c778874
100 _a20010311d1998 |||y0rusy50 ca
101 0 _arus
_deng
_eeng
102 _aRU
105 _aa |||||||||
200 1 _aПроблемные регионы ресурсного типа: прогнозирование и реализация программ освоения
_dProblem regions of resource type: forecasting and realization of development programmes
_fРос. акад. наук. Сиб. отд-ние, Ин-т экономики и орг. пром. пр-ва
_gОтв. ред.: д.э.н. М.К. Бандман, д.э.н. В.Ю. Малов
_zeng
210 _aНовосибирск
_cИЭиОПП
_d1998
215 _a216 с.
_cил.
_d26
300 _aРез. на англ. яз.
320 _aБиблиогр.: с. 213-216 и в подстроч. прим.
510 0 _aProblem regions of resource type: forecasting and realization of development programmes
_zeng
606 0 _aРегиональная экономика
_yРоссийская Федерация
_92073469
_3RU\NLR\auth\661248372
686 _aУ04(2)9
702 1 _4340
_7ca
_8rus
_aБандман
_bМ. К.
_f1924-2002
_gМарк Константинович
_9117603
_3RU\NLR\AUTH\777671
711 0 2 _aИнститут экономики и организации промышленного производства
_cНовосибирск
_9359941
_3RU\NLR\AUTH\889932312
801 0 _aRU
_bNLR
_c20010311
_gPSBO
801 1 _aRU
_bNLR
_c20010311
852 _aNLR
_j99-7/2795
942 _cBOOK
980 _aNB